000 01480nam0a22003011 4500
001 rc\2693759
005 20230517160133.0
035 _a(NLR Aleph) 006821969
090 _a6453314
_c6453314
100 _a20110915d1933 |||y0rusy50 ca
101 0 _arus
102 _aRU
105 _aa z |||||
200 1 _aИтальянский буржуазный музыкальный театр XVIII в. Служанка-госпожа
_eОпера-буфф Перголези
_e[К постановке в Эрмитажном театре]
_f[Пояснит. статья: С. Гинзбург]
_gГос. Эрмитаж, музей истории культуры и искусства
210 _aЛенинград
_cтип. Госкартмонополии
_d1933
215 _aОбл., 10, [6] с.
_cил.
_d15х10 см.
300 _aЗагл. обл.: Служанка-госпожа. Опера-буфф Джованни Баттиста Перголези
512 0 _aСлужанка-госпожа. Опера-буфф Джованни Баттиста Перголези
702 1 _aПерголези
_bД. Б.
_gДжованни Баттист
_4230
702 1 _aГинзбург
_bЛ.
_4080
710 0 2 _aГосударственный Эрмитаж
_cЛенинград
_3RU\NLR\AUTH\883314
801 0 _aRU
_bNLR
_gpsbo
801 1 _aRU
_bELAR
_2rusmarc
852 _aNLR
_j33-8/1202
852 _aNLR
_jКрII/2938
942 _cBOOK
980 _aNB